| 000 | 00418nam a2200145 a 4500 | ||
|---|---|---|---|
| 001 | 1444 | ||
| 003 | CDMR | ||
| 005 | 20130321193206.0 | ||
| 008 | 130130s1989||||||||||||||||||||||||||||d | ||
| 040 |
_aCDMR _bcat _cCPC GIRONA |
||
| 100 | 1 |
_aSalillas, José Manuel _970 |
|
| 245 | 1 | 0 |
_aHistoria de Radio Ibérica _cJosé Manuel Salillas _b: la primera emisora de España |
| 260 |
_c1989 _b(por el autor) _a[s.l] |
||
| 942 |
_cMON _2udc |
||
| 999 |
_c1444 _d1444 |
||